000 00982nam a22002897a 4500
001 4836
003 FISKH
005 20241017122757.0
008 241017b cb ||||| |||| 00| 0 eng d
020 _a9780375849305
040 _aFISKH
_beng
_cFISKH
_dFISKH
050 _aPZ7.L8682
082 _a813.6
100 _aLook, Lenore
245 _aAlvin Ho: Allergic to Girls, School, and Other Scary Things /
_cby Lenore Look
260 _aNew York :
_bRandom House ;
_c2008 .
300 _a172 pages :
_billustrations ;
_c20 cm .
490 _aAlvin Ho
_vBook 1
505 _aO
520 _aA young boy in Concord, Massachusetts, who loves superheroes and comes from a long line of brave Chinese farmer-warriors, wants to make friends, but first he must overcome his fear of everything.
521 8 _a600
_bLexile
521 8 _aO
_bRaz-Plus
650 _afear
_vfiction
700 _aPham, LeUyen
_eillustrator
942 _2ddc
_cBK
_n0
999 _c4836
_d4836